|
|
|
|
| LEADER |
00766cam a2200205 7i4500 |
| 001 |
0000052244 |
| 005 |
20220905090000.0 |
| 020 |
|
|
|a 9674390758 (pbk.)
|
| 020 |
|
|
|a 9789674390754 (pbk.)
|
| 090 |
0 |
0 |
|a BP76.2
|b .F59 2014
|
| 100 |
1 |
|
|a Al-Firdaus, Iqra'
|
| 245 |
1 |
0 |
|a Perhubungan awam ala Nabi Muhammad s.a.w.
|c Iqra' Al-Firdaus ; alih bahasa: Rafidah Rizal.
|
| 260 |
|
|
|a Batu Caves, Selangor:
|b Al-Hidayah House of Publishers Sdn. Bhd.,
|c 2014.
|
| 300 |
|
|
|a 180 p.;
|c 21 cm.
|
| 600 |
0 |
0 |
|a Muhammad,
|c Prophet,
|d d. 632
|
| 600 |
0 |
0 |
|a Muhammad,
|c Prophet,
|d d. 632
|
| 700 |
0 |
|
|a Rafidah Rizal
|
| 997 |
|
|
|a Education & Social Sciences, Faculty
|b Islamic Studies, Department
|
| 998 |
|
|
|a Islamic Studies, Degree
|
| 999 |
|
|
|a 0000063771
|b BOK
|c OPEN SHELF
|e 1st Floor, Bestari Jaya
|